| 000 -ლიდერი |
| ფიქსირებული სიგრძის საკონტროლო ველი |
01313nam a22002297a 4500 |
| 003 - საკონტროლო ნომრის იდენტიფიკატორი |
| საკონტროლო ველი |
Ge_BSU |
| 005 - ბოლო ოპერაციის თარიღი და დრო |
| საკონტროლო ველი |
20200520133509.0 |
| 008 - ფიქსირებული სიგრძის მონაცემთა ელემენტები - ზოგადი ინფორმაცია |
| ფიქსირებული სიგრძის საკონტროლო ველი |
200520s2020ge xxu||||| |||| 00| 0 geo d |
| 020 ## - წიგნის საერთაშორისო სტანდარტული ნომერი |
| International Standard Book Number |
978994182099 |
| 041 ## - ენის კოდი |
| Language code of text/sound track or separate title |
geo |
| 080 ## - უნივერსალური ათობითი კლასიფიკაციის ინდექსი |
| Universal Decimal Classification number |
341.9+347.4 მ-58 |
| 100 ## - მთავარი ჩანაწერი - პიროვნების სახელი |
| Personal name |
მესხიშვილი, ქეთევან. |
| 9 (RLIN) |
8110 |
| 245 ## - ცნობა სათაურის შესახებ |
| Title |
კერძო სამართლის აქტუალური საკითხები : |
| Remainder of title |
თეორია და სასამართლო პრაქტიკა ტ.1 / |
| Statement of responsibility, etc |
ქეთევან მესხიშვილი ; რედ. თამარ ჭალიძე. |
| 264 ## - წარმოების, გამოცემის, დისტრიბუციის და სხვა ცნობები |
| გამოცემის, წარმოების, დისტრიბუციის... ადგილი |
თბილისი, |
| გამოცემის, წარმოების, დისტრიბუციის... თარიღი |
2020. |
| 300 ## - ფიზიკური აღწერა |
| Extent |
286 გვ.: |
| Dimensions |
24 სმ. |
| 653 ## - INDEX TERM--UNCONTROLLED |
| Uncontrolled term |
კერძო სამართლის აქტუალური საკითხები |
| 653 ## - INDEX TERM--UNCONTROLLED |
| Uncontrolled term |
სამართალი |
| 700 ## - ADDED ENTRY--PERSONAL NAME |
| Personal name |
ჭალიძე, თამარ |
| Relator term |
რედაქტორი |
| 9 (RLIN) |
8111 |
| 710 ## - ADDED ENTRY--CORPORATE NAME |
| Relator code |
გერმანიის საერთაშორისო თანამშრომლობის საზოგადოება (GIZ) |
| 856 ## - ELECTRONIC LOCATION AND ACCESS |
| Uniform Resource Identifier |
http://lawlibrary.info/ge/books/2020giz-ge-kerdzo-samartlis-aktualuri-sakitxebi.pdf |
| Link text |
ელექტრონული ვერსია |
| 942 ## - ADDED ENTRY ELEMENTS (KOHA) |
| Source of classification or shelving scheme |
|
| Koha item type |
წიგნი |